| 000 | 00647 a2200169 4500 | ||
|---|---|---|---|
| 003 | Nust | ||
| 005 | 20221014095636.0 | ||
| 040 | _cNust | ||
| 082 | _a608,LAR | ||
| 100 |
_a Larsen, Egon _9100263 |
||
| 245 |
_aInventors’ cavalcade / _cEagon Larsen |
||
| 260 |
_aLondon, _b L. Drummond _c [1943] |
||
| 300 |
_a207 p. illus., _bports. 22 cm. |
||
| 505 | _aMen lighter than air (Page-9), Steam and steel (Page-40), Taming the lightining (Page- 84), Masters of the sea (Page-116), The wizard of menlo park (Page-134), Music of the ether (Page-152), Clippers of the cloud (Page-184), | ||
| 650 |
_aInventors’ cavalcade, _9100264 |
||
| 942 |
_2ddc _cBK |
||
| 999 |
_c182835 _d182835 |
||